|
|
|
|
| LEADER |
00000nab a2200000 a 4500 |
| 001 |
vtls000723634 |
| 003 |
SK-MaSNL |
| 005 |
20260302195937.0 |
| 008 |
180206c2000 xo 0 slo |
| 015 |
|
|
|a SNBRB2000/06-16224
|
| 035 |
|
|
|a CLN000075799
|
| 040 |
|
|
|a SNKBUCL
|b slo
|c SNKBUCL
|e AACR2
|
| 041 |
0 |
|
|a slo
|
| 044 |
|
|
|a xo
|c SK
|
| 080 |
|
|
|a 796.325.093.1
|2 UDC-MRF-SK2
|
| 100 |
1 |
|
|a Kubiš, Pavol
|4 aut
|9 219206
|
| 245 |
1 |
0 |
|a Slováci znova zaklopali na dvere "Európy"
|b 2. skupina A-kategórie kvalifikácie ME 2001 volejbalistov: Slovensko-Španielsko 3:0 (17, 23, 18)
|c Pavol Kubiš
|
| 650 |
0 |
7 |
|a volejbal
|x muži
|x Slovensko-Španielsko
|z Prešov (Slovensko)
|y 2000
|2 snkbucl
|9 918204
|
| 655 |
|
7 |
|a články z novín a časopisov
|2 snkbucl
|9 267496
|
| 773 |
0 |
|
|t Šport
|g Roč. 54, č. 118 (24.5.2000), s. 3
|
| 850 |
|
|
|a Slovenská národná knižnica v Martine
|
| 852 |
|
|
|a SNK
|b KIS3GCP
|
| 958 |
|
|
|a RBX
|
| 999 |
|
|
|c 1454591
|d 1456521
|